LEADER 00782nam a2200217 i 4500 001 000000037422 003 CaOOAMICUS 005 20120316000000.0 008 120316s1979 it u000 u ita u 013 $a7684 040 $aSeMil$bita 100 1 $aGervaso, Roberto,$d<1937- >.$0(OLS)http://semarc/name/14877 245 10$aNerone /$cRoberto Gervaso. 260 $aMilano :$bEuroclub,$c1979. 300 $a350 p. ;$c20 cm. 600 04$aNerone .$0(OLS)http://semarc/subject/17175 850 $aSeMil 852 $aSeMil$W1$xVenegono$y1$m3S III 304$j3577$B3577$CSeMilBibl$Z2$F3577 $81 961 $aOmaggio: Ampollini Maurizio 996 $6245$aNerone$9(OLS)http://semarc/title/52373 996 $6260$aMilano :$bEuroclub$9(OLS)http://semarc/publisher/56261 LEADER 01041nam a2200265 i 4500 001 000000106393 003 CaOOAMICUS 005 20030916000000.0 008 030916s1996 it u000 u ita u 013 $a78587 020 $a88-343-3980-0 040 $aSeMil$bita 100 1 $aLangholm, Odd.$0(OLS)http://semarc/name/44771 245 12$aL'economia in Tommaso d'Aquino /$cOdd Langholm. 260 $aMilano :$bVita e Pensiero,$c1996. 300 $a98 p. ;$c19 cm. 490 0 $aLectures ;$v5 650 4$aTommaso : d'Aquino - Pensiero economico.$0(OLS)http://semarc/subject/18505 830 0$aLectures ;$v5.$0(OLS)http://semarc/title/10211 850 $aSeMil 852 $aSeMil$W1$xVenegono$y1$m2N I 21$j62530$B62530$CSeMilBibl$Z2$F92060 $81 961 $aAcquisto: Mescat 996 $6020$a88-343-3980-0$9(OLS)http://semarc/number/87008 996 $6245$aL'economia in Tommaso d'Aquino$9(OLS)http://semarc/title/154272 996 $6260$aMilano :$bVita e Pensiero$9(OLS)http://semarc/publisher/29642